00425nam a22001337a 4500003000400000008004100004082001800045100001600063245012500079260003200204300000900236502001500245650003100260OSt260429b |||||||| |||| 00| 0 eng d a634.772bA61E aKumar, Anil aEffect of Chemicals and Packages on Ripening and Storages Behaviour of Banana CV. Harichhaal (AAA) at Ambient Temperaure aPusa, SamastipurbRAUc2002 a97P. bMsc.d2002 aFruit and Fruit Technology